<?xml version="1.0" encoding="UTF-8"?>
<record
    xmlns:xsi="http://www.w3.org/2001/XMLSchema-instance"
    xsi:schemaLocation="http://www.loc.gov/MARC21/slim http://www.loc.gov/standards/marcxml/schema/MARC21slim.xsd"
    xmlns="http://www.loc.gov/MARC21/slim">

  <leader>01693nam a2200229 a 4500</leader>
  <controlfield tag="003">SpMaBN</controlfield>
  <controlfield tag="005">20260526193201.0</controlfield>
  <controlfield tag="008">120509s2025    ag     | |||| 000 f spa  </controlfield>
  <datafield tag="020" ind1=" " ind2=" ">
    <subfield code="a">9786316691606</subfield>
  </datafield>
  <datafield tag="040" ind1=" " ind2=" ">
    <subfield code="a">SpMaBN</subfield>
    <subfield code="c">SpMaBN</subfield>
    <subfield code="e">rdc</subfield>
  </datafield>
  <datafield tag="041" ind1="1" ind2=" ">
    <subfield code="a">spa</subfield>
    <subfield code="h">jpn</subfield>
  </datafield>
  <datafield tag="082" ind1="0" ind2=" ">
    <subfield code="a">895.636</subfield>
    <subfield code="b">K223.E 2025</subfield>
  </datafield>
  <datafield tag="100" ind1="1" ind2=" ">
    <subfield code="a">Kawakami, Mieko,</subfield>
    <subfield code="d">1976-</subfield>
    <subfield code="9">1677</subfield>
  </datafield>
  <datafield tag="240" ind1="1" ind2="0">
    <subfield code="a">Subete mayonaka no koibitotachi.</subfield>
    <subfield code="l">Espa&#xF1;ol</subfield>
  </datafield>
  <datafield tag="245" ind1="1" ind2="4">
    <subfield code="a">Los amantes de la noche /</subfield>
    <subfield code="c">Mieko Kawakami; traducci&#xF3;n del japon&#xE9;s por Lourdes Porta.</subfield>
  </datafield>
  <datafield tag="250" ind1=" " ind2=" ">
    <subfield code="a">1a ed.</subfield>
  </datafield>
  <datafield tag="260" ind1=" " ind2=" ">
    <subfield code="a">Buenos Aires :</subfield>
    <subfield code="b">Seix Barral,</subfield>
    <subfield code="c">2025.</subfield>
  </datafield>
  <datafield tag="520" ind1=" " ind2=" ">
    <subfield code="a">Fuyuko Irie es una correctora freelance de treinta y cuatro a&#xF1;os. Vive sola y no tiene contacto con nadie, excepto con su editora, Hijiri. Su reflejo le devuelve la imagen de una mujer que no ha tomado las riendas de su vida. Su &#xFA;nica fuente de consuelo es la luz: cada Nochebuena, Fuyuko sale a observar las luces que llenan la noche de Tokio. Pero es el encuentro fortuito con un hombre llamado Mitsutsuka lo que despierta algo nuevo en ella; un cambio que, sin embargo, hace aflorar dolorosos recuerdos y puede desestabilizarla a&#xFA;n m&#xE1;s.
Los amantes de la noche es una puerta abierta al peculiar universo de Mieko Kawakami y una radiograf&#xED;a tan delicada como perspicaz del mundo laboral que indaga en la complejidad de las relaciones humanas a trav&#xE9;s de la historia de una mujer que no sabe construirlas. Una novela valiente que aborda temas como la realizaci&#xF3;n personal, la soledad o la presi&#xF3;n patriarcal, pero que tambi&#xE9;n conmueve e inspira al lector al invocar y desafiar todos los prejuicios.</subfield>
  </datafield>
  <datafield tag="650" ind1=" " ind2="7">
    <subfield code="a">Narrativa japonesa</subfield>
    <subfield code="2">LOCAL</subfield>
    <subfield code="9">1368</subfield>
  </datafield>
  <datafield tag="655" ind1=" " ind2="0">
    <subfield code="a">Novela</subfield>
    <subfield code="9">1469</subfield>
  </datafield>
  <datafield tag="942" ind1=" " ind2=" ">
    <subfield code="2">ddc</subfield>
    <subfield code="c">LIBRO</subfield>
  </datafield>
  <datafield tag="952" ind1=" " ind2=" ">
    <subfield code="0">0</subfield>
    <subfield code="1">0</subfield>
    <subfield code="2">ddc</subfield>
    <subfield code="6">895_636000000000000_K223_E_2025</subfield>
    <subfield code="7">0</subfield>
    <subfield code="8">ESPA&#xD1;OL-INGL&#xC9;S</subfield>
    <subfield code="9">1504</subfield>
    <subfield code="d">2026-05-26</subfield>
    <subfield code="e">Donaci&#xF3;n</subfield>
    <subfield code="l">0</subfield>
    <subfield code="o">895.636 K223.E 2025</subfield>
    <subfield code="p">003000</subfield>
    <subfield code="r">2026-05-26</subfield>
    <subfield code="w">2026-05-26</subfield>
    <subfield code="y">LIBRO</subfield>
  </datafield>
  <datafield tag="999" ind1=" " ind2=" ">
    <subfield code="c">939</subfield>
    <subfield code="d">939</subfield>
  </datafield>
</record>
